Effect of hill spacing on green mustard in anlongvil commune, sangker district, battambang province, ឥទ្ធិពលចន្លោះគុម្ពទៅលើការលូតលាស់របស់ដំណាំស្ពៃខៀវក្នុងឃុំអន្លង់វិល ស្រុកសង្កែ ខេត្តបាត់ដំបង (Record no. 7752)

000 -LEADER
fixed length control field 00725nam a22001457a 4500
003 - CONTROL NUMBER IDENTIFIER
control field OSt
005 - DATE AND TIME OF LATEST TRANSACTION
control field 20160323103845.0
008 - FIXED-LENGTH DATA ELEMENTS--GENERAL INFORMATION
fixed length control field 160323b xxu||||| |||| 00| 0 eng d
040 ## - CATALOGING SOURCE
Transcribing agency RUA
082 ## - DEWEY DECIMAL CLASSIFICATION NUMBER
Classification number AGR.BB PHO 2010 B470 Or.1
100 ## - MAIN ENTRY--PERSONAL NAME
9 (RLIN) 8139
Personal name PHORN BOREY; ភ័ណ្ឌ បូរី
245 ## - TITLE STATEMENT
Title Effect of hill spacing on green mustard in anlongvil commune, sangker district, battambang province, ឥទ្ធិពលចន្លោះគុម្ពទៅលើការលូតលាស់របស់ដំណាំស្ពៃខៀវក្នុងឃុំអន្លង់វិល ស្រុកសង្កែ ខេត្តបាត់ដំបង
300 ## - PHYSICAL DESCRIPTION
Extent ix,46p.
Other physical details ill.
Dimensions 29cm.
942 ## - ADDED ENTRY ELEMENTS (KOHA)
Source of classification or shelving scheme
Koha item type AGR.bb
Holdings
Price effective from Date last seen Permanent Location Not for loan Date acquired Source of classification or shelving scheme Koha item type Lost status Withdrawn status Date last checked out Total Checkouts Shelving location Damaged status Barcode Current Location Full call number
2016-03-232016-08-05Library Block B 2016-03-23 AGR.bb  2016-07-171B470 RUA057569Library Block BAGR.BB PHO 2010 B470 Or.1
មជ្ឈមណ្ឌលឯការនៃសាកលវិទ្យាល័យភូមិន្ទកសិកម្មចំការដូង

Powered by Koha